School administration & management: (Record no. 1139)
[ view plain ]
| 000 -LEADER | |
|---|---|
| fixed length control field | 00601nam a22001577a 4500 |
| 008 - FIXED-LENGTH DATA ELEMENTS--GENERAL INFORMATION | |
| fixed length control field | 150523b xxu||||| |||| 00| 0 eng d |
| 020 ## - INTERNATIONAL STANDARD BOOK NUMBER | |
| International Standard Book Number | 996627067 |
| 050 ## - LIBRARY OF CONGRESS CALL NUMBER | |
| Classification number | LB 2801 .W31 2010 |
| 100 ## - MAIN ENTRY--PERSONAL NAME | |
| Personal name | Wango, Geoffrey |
| Dates associated with a name | 2010 |
| 245 ## - TITLE STATEMENT | |
| Title | School administration & management: |
| Remainder of title | quality assurance and standards in schools/ |
| Statement of responsibility, etc. | Geoffrey Wango |
| 260 ## - PUBLICATION, DISTRIBUTION, ETC. (IMPRINT) | |
| Place of publication, distribution, etc. | Nairobi,Kenya: |
| Name of publisher, distributor, etc. | Jomo kenyatta foundation, |
| Date of publication, distribution, etc. | 2010 |
| 300 ## - PHYSICAL DESCRIPTION | |
| Extent | xvii,266p. : |
| 440 ## - SERIES STATEMENT/ADDED ENTRY--TITLE | |
| Title | School administration & management;Quality assurance and standards in schools/ |
| 650 ## - SUBJECT ADDED ENTRY--TOPICAL TERM | |
| Topical term or geographic name as entry element | Education |
| 942 ## - ADDED ENTRY ELEMENTS (KOHA) | |
| Source of classification or shelving scheme | |
| Koha item type | Hard Covered Materials |
| Classification part | LB 2801 .W31 2010 |
| Koha issues (borrowed), all copies | 2 |
| Withdrawn status | Lost status | Source of classification or shelving scheme | Damaged status | Not for loan | Home library | Current library | Shelving location | Date acquired | Total Checkouts | Full call number | Barcode | Date last seen | Date last checked out | Price effective from | Koha item type |
|---|---|---|---|---|---|---|---|---|---|---|---|---|---|---|---|
| MACHAKOS UNIVERSITY LIBRARY | MACHAKOS UNIVERSITY LIBRARY | Short Loan | 23/05/2015 | 1 | LB 2801 .W31 2010 | 442 | 29/07/2023 | 29/07/2023 | 23/05/2015 | Hard Covered Materials | |||||
| MACHAKOS UNIVERSITY LIBRARY | MACHAKOS UNIVERSITY LIBRARY | Africana | 23/05/2015 | 3 | LB 2801 .W31 2010 | 351 | 22/07/2021 | 24/11/2017 | 23/05/2015 | Africana (Books) |